| 000 | 00513nam a2200169Ia 4500 | ||
|---|---|---|---|
| 999 |
_c36040 _d36040 |
||
| 003 | OSt | ||
| 005 | 20210112103332.0 | ||
| 008 | 190216s9999||||xx |||||||||||||| ||und|| | ||
| 040 | _coclc | ||
| 082 |
_a894.81 _bSDEV/K |
||
| 100 |
_aDevassia, P C _98291 |
||
| 245 | 0 |
_aKristubhagavatam / _cP C Devassia ; R Ramachandran Nair |
|
| 260 |
_bKerala Samskarika Vakup, _c1985. _aTrivandrum: |
||
| 300 | _a623p | ||
| 650 | _aKristubhagavatam | ||
| 942 |
_cREF _2ddc _h894.81 _iSDEV/K _k894.81 _mSDEV/K |
||